| 000 | 01834nam a22004217a 4500 | ||
|---|---|---|---|
| 005 | 20200104041620.0 | ||
| 008 | 081217s2004 ck a gr 00010dspa d | ||
| 020 | _a9586837351 | ||
| 040 |
_aCO-BoIAVH _cCO-BoIAVH |
||
| 041 | 0 | _aspa | |
| 044 | _ack | ||
| 082 | 0 | 4 |
_a591.76 _bD54f |
| 100 | 1 |
_aDiazgranados, María Claudia _eautora _eeditora |
|
| 245 | 1 | 0 |
_aEstudios de fauna silvestre en ecosistemas acuáticos en la Orinoquía colombiana / _cFernando Trujillo ... [et al.]. |
| 246 | _aFauna acuática en la Orinoquía colombiana | ||
| 260 | 3 |
_aBogotá : _bPontificia Universidad Javeriana. Facultad de Estudios Ambientales y Rurales. Instituto de Estudios Ambientales para el Desarrollo. Departamento de Ecología y Territorio, _c2004. |
|
| 300 |
_a403 páginas ; _bilustraciones ; _c24 x 17 centímetros |
||
| 490 | 0 |
_aSerie investigación ; _v6 |
|
| 504 | _aIncluye referencias bibliográficas. | ||
| 650 | 6 |
_aAnimales acuáticos _z Orinoquía (Región, Colombia) |
|
| 650 | 6 |
_aAnimales acuáticos _x Hábitos y conducta. |
|
| 700 | 1 |
_aTrujillo, Fernando. _eautor _eeditor |
|
| 700 | 1 |
_aFuentes, Libia _eautora |
|
| 700 | 1 |
_aLlanos , Yamhile _eautora |
|
| 700 | 1 |
_aMartínez, Jimena _eautora |
|
| 700 | 1 |
_aCasteblanco, Delma Nataly _eautora |
|
| 700 | 1 |
_aBermúdez, Ana Lucía _eautora |
|
| 700 | 1 |
_aCarrasquilla, María Cristina _eautora |
|
| 700 | 1 |
_aGómez, Juan Ricardo _eautor |
|
| 700 | 1 |
_aRíos , Martín _eautor |
|
| 700 | 1 |
_aMartínez, Ana María _eautora |
|
| 700 | 1 |
_aÁlvarez León, Ricardo _eautor |
|
| 700 | 1 |
_aLacambra, Carmen _eautor |
|
| 700 | 1 |
_aPinilla, Gabriel _eautor |
|
| 700 | 1 |
_aMaldonado, Javier _eautor |
|
| 700 | 1 |
_aBravo, Gustavo _eautor |
|
| 942 |
_2ddc _cLIBRO |
||
| 999 |
_c7674 _d7674 |
||